000 00424nam a2200193Ia 4500
008 151121s9999||||xx |||||||||||||| ||und||
082 _aC। S।
082 _bHNW-73978
100 _aChekhov Anton
245 _aWhite Star
260 _bMalysh Pub।
260 _c--
300 _a24
600 _aChekhov Anton
630 _aWhite Star
700 _aChekhov Anton
730 _aWhite Star
942 _cBOOK
999 _c1255432
_d1255429